MARC details
| 000 -CABECERA |
| campo de control de longitud fija |
02573nam a2200397 a 4500 |
| 001 - NÚMERO DE CONTROL |
| campo de control |
Z_7099 |
| 003 - IDENTIFICADOR DEL NÚMERO DE CONTROL |
| campo de control |
CHAP |
| 005 - FECHA Y HORA DE LA ÚLTIMA TRANSACCIÓN |
| campo de control |
20251031100734.0 |
| 007 - CAMPO FIJO DE DESCRIPCIÓN FÍSICA--INFORMACIÓN GENERAL |
| campo de control de longitud fija |
ta |
| 008 - DATOS DE LONGITUD FIJA--INFORMACIÓN GENERAL |
| campo de control de longitud fija |
220113t2013 mx ad fr 001 0 spa d |
| 010 ## - NÚMERO DE CONTROL DE LA BIBLIOTECA DEL CONGRESO |
| Número de control de LC |
170371 |
| 020 ## - NÚMERO INTERNACIONAL ESTÁNDAR DEL LIBRO |
| Número Internacional Estándar del Libro |
978-607-17-1627-9 |
| 040 ## - FUENTE DE LA CATALOGACIÓN |
| Centro catalogador/agencia de origen |
Z |
| Centro/agencia transcriptor |
CHAP |
| Normas de descripción |
rda |
| 041 0# - CÓDIGO DE LENGUA |
| Código de lengua del sumario o resumen |
Español |
| Código de lengua de la tabla de contenido |
Español |
| 082 00 - NÚMERO DE LA CLASIFICACIÓN DECIMAL DEWEY |
| Número de clasificación |
637.127 |
| Número de documento/Ítem |
V55 2013 |
| Número de edición |
20 |
| 100 1# - ENTRADA PRINCIPAL--NOMBRE DE PERSONA |
| Nombre de persona |
Villegas de Gante, Abraham |
| 9 (RLIN) |
119748 |
| Término indicativo de función/relación |
autor |
| 245 10 - MENCIÓN DE TÍTULO |
| Título |
Calidad de leche cruda / |
| Mención de responsabilidad, etc. |
Abraham Villegas de Gante y Armando Santos Moreno |
| 250 ## - MENCIÓN DE EDICIÓN |
| Mención de edición |
2 edición |
| 264 #1 - PRODUCCIÓN, PUBLICACIÓN, DISTRIBUCIÓN, FABRICACIÓN Y COPYRIGHT |
| Producción, publicación, distribución, fabricación y copyright |
México, D. F. : |
| Nombre del de productor, editor, distribuidor, fabricante |
Trillas, |
| Fecha de producción, publicación, distribución, fabricación o copyright |
©2013 |
| 300 ## - DESCRIPCIÓN FÍSICA |
| Extensión |
104 páginas : |
| Otras características físicas |
ilustraciones, gráficas, tablas |
| 336 ## - TIPO DE CONTENIDO |
| Fuente |
rdacontent |
| Término de tipo de contenido |
texto |
| Código de tipo de contenido |
txt |
| 337 ## - TIPO DE MEDIO |
| Fuente |
rdamedia |
| Nombre/término del tipo de medio |
sin medio |
| Código del tipo de medio |
n |
| 338 ## - TIPO DE SOPORTE |
| Fuente |
rdacarrier |
| Nombre/término del tipo de soporte |
volumen |
| Código del tipo de soporte |
nc |
| 500 ## - NOTA GENERAL |
| Nota general |
ej.1: consumo \ ej.2 - ej.4: S/N (sin sellos) |
| 504 ## - NOTA DE BIBLIOGRAFÍA, ETC. |
| Nota de bibliografía, etc. |
Bibliografía: página 101 |
| 505 0# - NOTA DE CONTENIDO CON FORMATO |
| Nota de contenido con formato |
Presentación -- Introducción -- Práctica 1. Prueba de sedimentos en la leche -- Práctica 2. Pruebas de calidad fisicoquímica -- Práctica 3. Detección de la leche mastítica -- Práctica 4. Pruebas indirectas de calidad microbiológica de leche cruda -- Práctica 5. Cuenta total de bacterias mesófilas aerobia en leche cruda (técnica simplificada, con Petrifilm) -- Práctica 6. Cinética de acidificación de la leche cruda -- Práctica 7. Efecto del frío sobre la calidad de la leche cruda -- Práctica 8. Efecto de algunos inhibidores sobre la fermentación láctica -- Práctica 9. Detección de inhibidores en leche cruda -- Práctica 10. Detección de adulterantes en leche cruda -- Práctica 11. Una aplicación básica del análisis sensorial para evaluar la calidad de la leche cruda -- Apéndice -- Bibliografía -- Índice analítico. |
| 520 2# - SUMARIO, ETC. |
| Sumario, etc. |
El presente manual es una contribución al esfuerzo de los productores lecheros por obtener un alimento de mejor calidad, además de constituir un material de apoyo para un curso teórico-práctico sobre la materia, que se imparte a grupos organizados del sector en varias regiones del país. La obra también puede utilizarse en cursos de bachillerato técnico o de nivel universitario, tales como veterinaria, zootecnia o tecnologías de alimentos, en los que se trate la calidad de la leche cruda como materia prima para la industria. |
| 650 13 - PUNTO DE ACCESO ADICIONAL DE MATERIA--TÉRMINO DE MATERIA |
| Término de materia o nombre geográfico como elemento de entrada |
Análisis de la leche |
| 9 (RLIN) |
141837 |
| 650 13 - PUNTO DE ACCESO ADICIONAL DE MATERIA--TÉRMINO DE MATERIA |
| Término de materia o nombre geográfico como elemento de entrada |
Calidad de la leche |
| 9 (RLIN) |
145447 |
| 650 13 - PUNTO DE ACCESO ADICIONAL DE MATERIA--TÉRMINO DE MATERIA |
| Término de materia o nombre geográfico como elemento de entrada |
Leche cruda |
| 9 (RLIN) |
146762 |
| 700 1# - PUNTO DE ACCESO ADICIONAL--NOMBRE DE PERSONA |
| Nombre de persona |
Santos Moreno, Armando |
| 9 (RLIN) |
102515 |
| Término indicativo de función/relación |
autor |
| 942 ## - ELEMENTOS DE PUNTO DE ACCESO ADICIONAL (KOHA) |
| Tipo de ítem Koha |
Libro |
| Fuente del sistema de clasificación o colocación |
Dewey Decimal Classification |
| 901 ## - ELEMENTOS DE DATOS A LOCAL LDA (RLIN) |
| a |
637.127 V55 2013 |
| 902 ## - ELEMENTOS DE DATOS B LOCAL, LDB (RLIN) |
| a |
M |
| 910 ## - DATOS DE OPCIÓN DEL USUARIO (OCLC) |
| Datos de opción del usuario |
2013 |